| 000 | 00418nam a2200169Ia 4500 | ||
|---|---|---|---|
| 999 |
_c1454 _d1454 |
||
| 020 | _a81-7054-146-8 | ||
| 082 | _a307.72 SIM-; | ||
| 100 | _aSimhadri, Y.C. | ||
| 245 | 0 | _aDenotified tribes: a sociological analysis | |
| 260 |
_aNew Delhi _bClassical Publishing _c1991 |
||
| 300 | _a242p. | ||
| 650 | _aTribes - India | ||
| 650 | _aVimukti Jatis | ||
| 650 | _aEthnology | ||
| 650 | _aDenotified tribes | ||
| 942 | _cBK | ||